Nitrovinylation of Arenes

Guardado en:
Detalles Bibliográficos
Autor principal: Šulavík, Samuel (Autor)
Otros Autores: Jakubec, Pavol (Orientador)
Formato: Manuscrito Libro
Lenguaje:eslovaco
inglés
Publicado: 2025
Materias:
Acceso en línea:http://is.stuba.sk/zp/portal_zp.pl?podrobnosti=176221
Etiquetas: Agregar Etiqueta
Sin Etiquetas, Sea el primero en etiquetar este registro!

MARC

LEADER 00000ntm a22000003a 4500
001 stuzp105260
003 SK-STU
005 20250628212511.9
007 ta
008 150427s2015----xo-----f-mn---000-0-slo-d
040 |a STU  |b slo 
041 0 |a eng 
100 1 |a Šulavík, Samuel  |u 048140  |4 aut  |U FCHPT Ústav organickej chémie, katalýzy a petrochémie  |T FCHPT Oddelenie organickej chémie  |X 121526  |U C8140  |Y 124  |7 121526 
242 0 1 |a Nitrovinylácia arénov  |y slo 
245 1 0 |a Nitrovinylation of Arenes 
260 |c 2025 
650 4 |a α-arylnitroalkény  |2 slo 
650 4 |a CAN  |2 slo 
650 4 |a tiofén  |2 slo 
650 4 |a nitroalkány  |2 slo 
650 4 |a thiophene  |2 eng 
650 4 |a α-arylnitroalkenes  |2 eng 
650 4 |a CAN  |2 eng 
650 4 |a nitroalkenes  |2 eng 
700 1 |a Jakubec, Pavol  |u 048140  |k Z1  |4 ths  |U FCHPT Ústav organickej chémie, katalýzy a petrochémie  |T FCHPT Oddelenie organickej chémie  |X 4023  |U C8140  |Y 124  |7 A000004023 
856 4 |u http://is.stuba.sk/zp/portal_zp.pl?podrobnosti=176221